| 000 | 00857nam a22002057a 4500 | ||
|---|---|---|---|
| 003 | BD-DhUL | ||
| 005 | 20170419102108.0 | ||
| 008 | 170419s2017 b pb||| |||| 00| 0 ben d | ||
| 020 | _a9789845072793 | ||
| 040 |
_aBD-DhUL _cBD-DhUL |
||
| 082 |
_222 _a954.92 _bRAB |
||
| 100 | 1 | _aরহমান, শেখ আতাউর । | |
| 245 | 1 | 0 |
_aবঙ্গবন্ধুর প্রেমের তরী : _bচেতনায় একাত্তর / _cশেখ আতাউর রহমান । |
| 260 |
_aঢাকা : _bপারিজাত , _c২০১৭ । |
||
| 300 |
_a১১৬ পৃ., [১১] পৃ. প্লেটস : _bচিত্র, মানচিত্র ; _c২২ সেমি . |
||
| 365 |
_aBDT _b250 |
||
| 651 | 0 |
_aবাংলাদেশ _xইতিহাস |
|
| 651 | 0 |
_aBangladesh _xHistory |
|
| 942 |
_2ddc _cBK |
||
| 999 |
_c187675 _d187675 |
||